[Event "Porto San Giorgio op 23rd"]
[Site "Porto San Giorgio"]
[Date "2011.08.28"]
[Round "9"]
[White "Paganini, Andrea"]
[Black "Marigo, Narciso"]
[Result "0-1"]
[WhiteElo "1852"]
[BlackElo "1989"]
[PlyCount "70"]
[EventDate "2011.08.21"]
[EventType "swiss"]
[EventRounds "9"]
[EventCountry "ITA"]
[SourceTitle "CBM 144 Extra"]
[Source "ChessBase"]
[SourceDate "2011.10.28"]
[SourceVersion "1"]
[SourceVersionDate "2011.10.28"]
[SourceQuality "1"]

1. e4 d6 2. d4 Bd7 3. Nf3 Nc6 4. c4 e5 5. d5 Nce7 6. Bg5 Qc8 7. Nc3 Ng6 8. Be2 Be7 9. Be3 Nf6 10. h3 a6 11. Qd2 Qd8 12. b4 0-0 13. g4 c6 14. g5 Nh5 15. Nh2 Nhf4 16. Bf1 Bxg5 17. Nf3 Bh6 18. h4 Bg4 19. Nh2 Nxh4 20. Rg1 Bf3 21. Rg3 Nfg2+ 22. Bxg2 Nxg2+ 23. Rxg2 Bxg2 24. Bxh6 gxh6 25. Qxh6 f5 26. exf5 Qf6 27. Qe3 Qxf5 28. 0-0-0 Kh8 29. dxc6 Bxc6 30. Rd2 Qf4 31. Qh3 Rf6 32. Nf1 Rg8 33. Ng3 Rh6 34. Qf1 Rxg3 35. Nd1 Rc3+ 0-1

[Event "Porto San Giorgio op 23rd"]
[Site "Porto San Giorgio"]
[Date "2011.08.26"]
[Round "7"]
[White "Rinaudo, Sergio"]
[Black "Marigo, Narciso"]
[Result "1-0"]
[WhiteElo "2144"]
[BlackElo "1989"]
[PlyCount "51"]
[EventDate "2011.08.21"]
[EventType "swiss"]
[EventRounds "9"]
[EventCountry "ITA"]
[SourceTitle "CBM 144 Extra"]
[Source "ChessBase"]
[SourceDate "2011.10.28"]
[SourceVersion "1"]
[SourceVersionDate "2011.10.28"]
[SourceQuality "1"]

1. d4 d6 2. Nf3 Bd7 3. e4 Nc6 4. Bc4 h6 5. 0-0 e5 6. c3 Nf6 7. Nbd2 Be7 8. Re1 0-0 9. Bb5 exd4 10. cxd4 a6 11. Bc4 Na5 12. Bd3 Nc6 13. a3 b5 14. b4 Nb8 15. Qe2 Bg4 16. e5 dxe5 17. dxe5 Ne8 18. Qe4 g6 19. Qxa8 Qxd3 20. Qxb8 Qc3 21. Rb1 Nd6 22. Qa7 Nf5 23. h3 Bxf3 24. Nxf3 c5 25. Bxh6 Rd8 26. Bg5 1-0

[Event "Porto San Giorgio op 23rd"]
[Site "Porto San Giorgio"]
[Date "2011.08.23"]
[Round "3"]
[White "Cafaro, Luca"]
[Black "Marigo, Narciso"]
[Result "1/2-1/2"]
[WhiteElo "1774"]
[BlackElo "1989"]
[PlyCount "99"]
[EventDate "2011.08.21"]
[EventType "swiss"]
[EventRounds "9"]
[EventCountry "ITA"]
[SourceTitle "CBM 144 Extra"]
[Source "ChessBase"]
[SourceDate "2011.10.28"]
[SourceVersion "1"]
[SourceVersionDate "2011.10.28"]
[SourceQuality "1"]

1. e4 d6 2. d4 Bd7 3. Nc3 Nc6 4. d5 Nb8 5. Be3 e5 6. Bc4 Nf6 7. f3 Be7 8. Qd2 a5 9. a4 0-0 10. Nge2 Kh8 11. 0-0 Ng8 12. f4 Nf6 13. fxe5 dxe5 14. Kh1 Ng4 15. Ng3 Nxe3 16. Qxe3 Bg5 17. Qe2 Bf4 18. Qf3 Qh4 19. Be2 b6 20. Kg1 f6 21. Rfd1 h5 22. Nf1 Bh6 23. Qg3 Qxg3 24. Nxg3 Na6 25. Nb5 Be3+ 26. Kf1 f5 27. Bf3 f4 28. Nh1 Bxb5+ 29. axb5 Nc5 30. Nf2 Bxf2 31. Kxf2 Rad8 32. c3 g6 33. Ke2 Kg7 34. b4 axb4 35. cxb4 Nb3 36. Ra7 Nd4+ 37. Rxd4 exd4 38. Rxc7+ Kh6 39. Kd3 Ra8 40. Kxd4 Ra2 41. Ke5 Rb2 42. Rc4 Kg5 43. Kd6 Kh4 44. Kc7 g5 45. g3+ fxg3 46. hxg3+ Kxg3 47. Bd1 Rd2 48. Rc3+ Kh4 49. Bb3 g4 50. Rc6 1/2-1/2

[Event "Porto San Giorgio op 23rd"]
[Site "Porto San Giorgio"]
[Date "2011.08.22"]
[Round "2"]
[White "Marigo, Narciso"]
[Black "Stips, Felix"]
[Result "0-1"]
[WhiteElo "1989"]
[BlackElo "2213"]
[PlyCount "116"]
[EventDate "2011.08.21"]
[EventType "swiss"]
[EventRounds "9"]
[EventCountry "ITA"]
[SourceTitle "CBM 144 Extra"]
[Source "ChessBase"]
[SourceDate "2011.10.28"]
[SourceVersion "1"]
[SourceVersionDate "2011.10.28"]
[SourceQuality "1"]

1. d4 f5 2. Nf3 Nf6 3. h3 d6 4. Bf4 g6 5. e3 Bg7 6. Bc4 e6 7. c3 0-0 8. Qb3 d5 9. Be2 Ne4 10. 0-0 Nd7 11. Bh2 g5 12. Nfd2 Ndf6 13. Nxe4 Nxe4 14. f3 Nd6 15. Nd2 f4 16. e4 c6 17. Bd3 b6 18. Qc2 h5 19. Kh1 Bb7 20. a4 a5 21. Rae1 Ra7 22. Re2 Bc8 23. Rfe1 Kh8 24. exd5 exd5 25. Bg6 Bf5 26. Bxf5 Nxf5 27. Nf1 Raf7 28. Re6 Qd7 29. R6e2 Bf6 30. Qd3 Kg7 31. Qd2 Bd8 32. Qd3 Bf6 33. Qd2 Rd8 34. Qd3 c5 35. Re6 Nd6 36. dxc5 Ne4 37. R1xe4 dxe4 38. Qxd7 Rfxd7 39. fxe4 Rd1 40. Kg1 Rb1 41. Rd6 Be7 42. Rxd8 Bxc5+ 43. Rd4 Re1 44. Kf2 Rxe4 45. Kf3 Re1 46. Rd7+ Kg6 47. Rd2 Rxf1+ 48. Ke4 Re1+ 49. Kd5 Be3 50. Rc2 h4 51. b4 axb4 52. cxb4 Rh1 53. Bxf4 gxf4 54. Kc6 Rh2 55. Kb5 Kf5 56. a5 bxa5 57. bxa5 f3 58. Rc4 fxg2 0-1

[Event "Padova op-A 5th"]
[Site "Padova"]
[Date "2002.12.15"]
[Round "2.24"]
[White "Franz, Paolo"]
[Black "Marigo, Narciso"]
[Result "0-1"]
[WhiteElo "1395"]
[BlackElo "1798"]
[PlyCount "56"]
[EventDate "2002.12.14"]
[EventType "swiss"]
[EventRounds "6"]
[EventCountry "ITA"]
[SourceTitle "EXT 2023"]
[Source "ChessBase"]
[SourceDate "2022.10.05"]
[SourceVersion "1"]
[SourceVersionDate "2022.10.05"]
[SourceQuality "1"]

1. e4 d6 2. d4 Nc6 3. Nf3 Bd7 4. Be2 e5 5. c3 Nf6 6. Bg5 Be7 7. Nbd2 0-0 8. 0-0 h6 9. Bxf6 Bxf6 10. Qc2 Ne7 11. Rac1 Ng6 12. Ne1 Bg5 13. Rd1 Qe7 14. Ndf3 Nf4 15. Nxg5 Qxg5 16. Bf3 Bg4 17. Bxg4 Qxg4 18. f3 Qg5 19. Nd3 Ng6 20. Qd2 Qf6 21. Qe3 Rfe8 22. Rd2 a6 23. Rfd1 b6 24. dxe5 Nxe5 25. Nxe5 Rxe5 26. Rd5 Rae8 27. Rxe5 Qxe5 28. Rd5 Qxd5 0-1

[Event "Padova op-B 2nd"]
[Site "Padova"]
[Date "1999.12.18"]
[Round "4.11"]
[White "Morganti, Lionello"]
[Black "Marigo, Narciso"]
[Result "0-1"]
[WhiteElo "1624"]
[BlackElo "1735"]
[PlyCount "78"]
[EventDate "1999.12.11"]
[EventType "swiss"]
[EventRounds "6"]
[EventCountry "ITA"]
[SourceTitle "EXT 2024"]
[Source "ChessBase"]
[SourceDate "2023.10.10"]
[SourceVersion "1"]
[SourceVersionDate "2023.10.10"]
[SourceQuality "1"]

1. e4 d6 2. d4 Nc6 3. d5 Ne5 4. Nf3 Ng6 5. Bb5+ Bd7 6. Bxd7+ Qxd7 7. 0-0 e5 8. c4 Nf6 9. Nc3 Be7 10. h3 0-0 11. Be3 b6 12. b3 h6 13. Kh2 Nh7 14. Ne2 f5 15. exf5 Rxf5 16. Ng3 Rf7 17. Ne4 Nf4 18. Bxf4 Rxf4 19. Qe2 Raf8 20. Nfd2 Ng5 21. f3 Qf5 22. Nxg5 Bxg5 23. Ne4 Rh4 24. Nxg5 Qxg5 25. g4 h5 26. Qg2 hxg4 27. fxg4 Rf4 28. Rxf4 Qxf4+ 29. Kh1 Qe3 30. Kh2 Rh6 31. Rf1 Rf6 32. Rxf6 gxf6 33. Qf1 Qd2+ 34. Kg3 Qe3+ 35. Kh4 Qf4 36. Qd3 e4 37. Qe2 Kg7 38. a4 Kh6 39. Qe1 e3 0-1

[Event "Padova op-B 2nd"]
[Site "Padova"]
[Date "1999.12.12"]
[Round "3.17"]
[White "Salata, Alessio"]
[Black "Marigo, Narciso"]
[Result "0-1"]
[WhiteElo "1558"]
[BlackElo "1735"]
[PlyCount "74"]
[EventDate "1999.12.11"]
[EventType "swiss"]
[EventRounds "6"]
[EventCountry "ITA"]
[SourceTitle "EXT 2024"]
[Source "ChessBase"]
[SourceDate "2023.10.10"]
[SourceVersion "1"]
[SourceVersionDate "2023.10.10"]
[SourceQuality "1"]

1. d4 Nc6 2. e3 d6 3. Nf3 Bd7 4. c3 e5 5. e4 h6 6. Be2 Nf6 7. d5 Ne7 8. Nbd2 Ng6 9. 0-0 Be7 10. h3 0-0 11. Re1 Nh7 12. Nf1 Ng5 13. Nxg5 Bxg5 14. Bxg5 Qxg5 15. Ng3 Nf4 16. Bf1 h5 17. Kh2 h4 18. Ne2 f5 19. Qd2 fxe4 20. Qe3 Qg6 21. Nxf4 Rxf4 22. Rad1 Raf8 23. Rd2 Qf6 24. Kg1 b6 25. c4 a5 26. Ree2 Qg6 27. Kh2 R8f5 28. Re1 Rg5 29. Rde2 Qf6 30. Kg1 Bf5 31. Kh2 Rg6 32. g4 hxg3+ 33. fxg3 Rf3 34. Qg1 Qg5 35. Re3 Rh6 36. Rxf3 exf3 37. h4 Rxh4+ 0-1

[Event "Padova op-A 1st"]
[Site "Padova"]
[Date "1998.12.12"]
[Round "1.17"]
[White "Di Giacomo, Antonio"]
[Black "Marigo, Narciso"]
[Result "1-0"]
[WhiteElo "1552"]
[BlackElo "1687"]
[PlyCount "71"]
[EventDate "1998.12.12"]
[EventType "swiss"]
[EventRounds "6"]
[EventCountry "ITA"]
[SourceTitle "EXT 2023"]
[Source "ChessBase"]
[SourceDate "2022.10.05"]
[SourceVersion "1"]
[SourceVersionDate "2022.10.05"]
[SourceQuality "1"]

1. e4 Nc6 2. Nf3 d6 3. d4 Bd7 4. Nc3 e5 5. a3 Nf6 6. h3 h6 7. Bc4 Be7 8. dxe5 Nxe5 9. Nxe5 dxe5 10. Be3 0-0 11. Qf3 Bd6 12. Rd1 a6 13. Nd5 Nxd5 14. Bxd5 Rb8 15. 0-0 Qe7 16. Bb3 Kh8 17. c4 Bc6 18. Qg4 Rbd8 19. Bc2 Bd7 20. Qf3 Be6 21. Qe2 f5 22. exf5 Bxf5 23. Bxf5 Rxf5 24. c5 Qe6 25. cxd6 cxd6 26. Bb6 Rd7 27. Rc1 Rg5 28. Rc8+ Kh7 29. Be3 Rg6 30. Kh2 d5 31. Re1 Re7 32. Qc2 d4 33. Bxd4 Qd5 34. Qe4 Qd7 35. Rc2 Ree6 36. Bxe5 1-0

[Event "Padova Province-chT 58th"]
[Site "Padova"]
[Date "1998.01.18"]
[Round "6"]
[White "Sinato, Fabrizio"]
[Black "Marigo, Narciso"]
[Result "0-1"]
[WhiteElo "1719"]
[BlackElo "1603"]
[PlyCount "77"]
[EventDate "1998.01.10"]
[EventType "swiss"]
[EventRounds "6"]
[EventCountry "ITA"]
[SourceTitle "EXT 2022"]
[Source "ChessBase"]
[SourceDate "2021.10.06"]
[SourceVersion "1"]
[SourceVersionDate "2021.10.06"]
[SourceQuality "1"]

1. e4 Nc6 2. Nf3 d6 3. h3 Nf6 4. Nc3 e5 5. Bc4 Be7 6. d3 Bd7 7. 0-0 0-0 8. Be3 Na5 9. Bb3 Nxb3 10. axb3 a6 11. Qe2 h6 12. Nd2 g5 13. Nd5 Nxd5 14. exd5 f5 15. Nc4 f4 16. Bd2 f3 17. Qe4 Qe8 18. g4 b5 19. Na5 h5 20. Nc6 Bxc6 21. dxc6 Qf7 22. Ra5 Kg7 23. Re1 hxg4 24. Qxg4 Rh8 25. Re3 Raf8 26. Kf1 Rh4 27. Qg3 Qh5 28. Rxe5 dxe5 29. Qxe5+ Bf6 30. Qxc7+ Rf7 31. Qxf7+ Qxf7 32. Be3 Rxh3 33. Ke1 Qe7 34. c3 Qd6 35. Kd2 Qxc6 36. c4 bxc4 37. bxc4 Qb7 38. d4 Qb4+ 39. Kd3 0-1

[Event "Padova Province-chT 58th"]
[Site "Padova"]
[Date "1998.01.10"]
[Round "1"]
[White "Tresin, Ardilio"]
[Black "Marigo, Narciso"]
[Result "0-1"]
[WhiteElo "1500"]
[BlackElo "1603"]
[PlyCount "54"]
[EventDate "1998.01.10"]
[EventType "swiss"]
[EventRounds "6"]
[EventCountry "ITA"]
[SourceTitle "EXT 2022"]
[Source "ChessBase"]
[SourceDate "2021.10.06"]
[SourceVersion "1"]
[SourceVersionDate "2021.10.06"]
[SourceQuality "1"]

1. Nf3 d6 2. d4 Nf6 3. e3 Nc6 4. Nbd2 a6 5. a3 Bg4 6. Be2 e5 7. dxe5 dxe5 8. 0-0 Bd6 9. Nh4 Be6 10. Nhf3 h6 11. e4 Ne7 12. Re1 c6 13. Bc4 Bg4 14. b4 0-0 15. Bb2 Ng6 16. g3 Qe7 17. Bf1 Rad8 18. Qc1 Bc7 19. c4 Rd7 20. Bc3 Rfd8 21. Qb2 Qe6 22. Bg2 Bh3 23. Qb3 Bxg2 24. Kxg2 Qg4 25. h3 Nf4+ 26. Kh2 Qxh3+ 27. Kg1 Qg2# 0-1